| 000 | 01233cam a2200241 4500 | ||
|---|---|---|---|
| 001 | ABS63166 | ||
| 008 | 000000n2000 000 0 eng u | ||
| 035 | _a(Sirsi) u109393 | ||
| 100 | _aPerry, J. | ||
| 245 | _aRising transfers | ||
| 260 | _c2000 | ||
| 490 |
_aLocal Government Chronicle _v3 November 2000, 14(1) |
||
| 520 | _aDiscusses the housing role of councils in the light of DETR plans for social housing stock transfers. Argues that confusion resides among local government, with differing opinions on whether councils should give up their housing management role. Presents the situation in Scotland where councils have readily adopted a strategic role, and accept that stock transfer is necessary to counter repair backlogs. Discusses the impact of the housing green paper and spending review on council housing, and suggests that housing associations or local companies are likely to take over ownership, leaving councils free to re-evaluate their role. | ||
| 590 | _aABS | ||
| 650 | _aCOUNCIL HOUSING | ||
| 650 | _aSTOCK TRANSFER | ||
| 650 | _aSCOTLAND | ||
| 650 | _aHOUSING GREEN PAPER | ||
| 650 | _aLOCAL AUTHORITIES | ||
| 650 | _aSOCIAL HOUSING | ||
| 690 |
_aAffordable housing _96215 |
||
| 942 | _n0 | ||
| 999 |
_c65304 _d65304 |
||